ბათუმის შოთა რუსთაველის სახელმწიფო უნივერსიტეტის ბიბლიოთეკა

ანალიზური სტატიკა : მეთოდური მითითებები ამოცანების ამოხსნისათვის. / (ბიბ.ჩანაწერი № 37504)

000 -ლიდერი
ფიქსირებული სიგრძის საკონტროლო ველი 01017nam a2200229Ia 4500
001 - საკონტროლო ნომერი
საკონტროლო ველი 3467
003 - საკონტროლო ნომრის იდენტიფიკატორი
საკონტროლო ველი GE_BSU
005 - ბოლო ოპერაციის თარიღი და დრო
საკონტროლო ველი 20190604172508.0
008 - ფიქსირებული სიგრძის მონაცემთა ელემენტები - ზოგადი ინფორმაცია
ფიქსირებული სიგრძის საკონტროლო ველი 181216s2003|||| |||||||||||||| ||geo||
020 ## - წიგნის საერთაშორისო სტანდარტული ნომერი
International Standard Book Number 9992896795
040 ## - კატალოგიზაციის წყარო
Transcribing agency GE_BSU
041 ## - ენის კოდი
Language code of text/sound track or separate title geo
080 ## - უნივერსალური ათობითი კლასიფიკაციის ინდექსი
Universal Decimal Classification number 531.3(076.1)(072) ფ-97
100 ## - მთავარი ჩანაწერი - პიროვნების სახელი
Personal name ფუტკარაძე, გურამ
9 (RLIN) 2063
245 ## - ცნობა სათაურის შესახებ
Title ანალიზური სტატიკა : მეთოდური მითითებები ამოცანების ამოხსნისათვის. /
Statement of responsibility, etc გურამ ფუტკარაძე ; რედ : ი.დიდმანიძე.
264 ## - წარმოების, გამოცემის, დისტრიბუციის და სხვა ცნობები
გამოცემის, წარმოების, დისტრიბუციის... ადგილი ბათუმი :
გამოცემის, წარმოების, დისტრიბუციის... სახელწოდება ბათუმის უნივერსიტეტი,
გამოცემის, წარმოების, დისტრიბუციის... თარიღი 2003.
300 ## - ფიზიკური აღწერა
Extent 73 გვ .:
Dimensions 20 სმ.
504 ## - BIBLIOGRAPHY, ETC. NOTE
Bibliography, etc ბიბლიოგრ.:გვ.73
653 ## - INDEX TERM--UNCONTROLLED
Uncontrolled term ანალიზური სტატიკა
700 ## - ADDED ENTRY--PERSONAL NAME
Personal name დიდმანიძე, ი
Relator term რედაქტორი
9 (RLIN) 511
942 ## - ADDED ENTRY ELEMENTS (KOHA)
Koha item type წიგნი
Source of classification or shelving scheme
ეგზემპლარები
ჩამოწერის სტატუსი დაკარგული ეგზემპლარის სტატუსი კლასიფიკაციის წყარო ან თაროზე გაწყობის სქემა დაზიანების სტატუსი არ გაიცემა მუდმივი მდებარეობა (დაცვის ადგილი) ამჟამინდელი ადგილსამყოფელი თაროზე განთავსების ადგილი შეძენის თარიღი სრული შენახვის შიფრი შტრიხკოდი ბოლო ოპერაციის თარიღი ეგზემპლარის მიმდევრობითი ნომერი (კეტერი?) ფასის ძალაში შესვლის თარიღი ეგზემპლარის სახეობა
          ტექნოლოგიური ფაკულტეტის ბიბლიოთეკა ტექნოლოგიური ფაკულტეტის ბიბლიოთეკა წიგნსაცავი 2018-12-17 531.3(076.1)(072) ფ-97 10420 2018-12-17 10420 2018-12-17 წიგნი
          ტექნოლოგიური ფაკულტეტის ბიბლიოთეკა ტექნოლოგიური ფაკულტეტის ბიბლიოთეკა წიგნსაცავი 2018-12-17 531.3(076.1)(072) ფ-97 10421 2018-12-17 10421 2018-12-17 წიგნი